00408nam a2200157Ia 4500008004100000020001800041082000800059100002300067245002200090250000600112260002800118300001600146500002400162650001200186700005200198230524s9999 xx 000 0 und d a9788132212331 bWET aJonathan Wetherbee 0aBegineeing EJB 3  a7 aNew DelhibApressc2013 a"XIX,415p;" aQuantity Number: 1 aComp-Sc a"Chirag Rathod , Raghu Kodali , Peter Zadrozny"